000 00376nam a22001697a 4500
005 20160628104017.0
008 160628b xxu||||| |||| 00| 0 eng d
020 _a978-81-291-1600-0
041 _aeng
082 _b10734
100 _aKhera, Shiv
_91706
245 _aYou can Win
260 _bRupa & Co
_c2010
300 _a298
650 _aManagement
_9241
942 _cBK
999 _c4380
_d4379